000 00567nam a2200193 a 4500
001 85953
003 BD-RjUL
005 20251116112542.0
008 251116b pk ||||| |||| 00| 0 eng d
035 _a(BD-RjUL)85953
040 _aBD-RjUL
_beng
_cBD-RjUL
041 _aeng
082 _223
_a621.382
_bPOS
245 _aPosts and Telegraphs Engineering Supervisors and Wireless Operators :
_bExaminations Questions & Answers
260 _aLahore :
_bCareers,
300 _a128 p. :
_bill.;
_c19 cm.
650 _aCommnications engineering
_917324
942 _2ddc
_cBK
999 _c85953
_d85953